|
|
|
|
| LEADER |
00000nam a2200000 a 4500 |
| 001 |
1/127078 |
| 008 |
230724s1988####nyua ||| |||| ||eng|| |
| 020 |
|
|
|a 0486256367
|
| 040 |
|
|
|a GR-MyUa
|b gre
|c GR-MyUa
|e AACR2
|
| 041 |
0 |
|
|a eng
|
| 082 |
7 |
|
|a 915.5
|2 (23)
|
| 100 |
1 |
|
|a Chardin, John,
|c Sir,
|d 1643-1713.
|
| 245 |
1 |
0 |
|a Travels in Persia, 1673-1677 /
|c Sir John Chardin ; with a preface by N.M. Penzer and an introduction by Sir Percy Sykes.
|
| 260 |
|
|
|a New York :
|b Dover,
|c c1988.
|
| 300 |
|
|
|a 287 σ. :
|b εικ. ;
|c 21 εκ.
|
| 500 |
|
|
|a An abridged English version of the author's Voyages du chevalier Chardin en Perse, et autres lieux de l'Orient.
|
| 500 |
|
|
|a Reprint. Originally published: London : Argonaut Press, 1927.
|
| 651 |
|
0 |
|a Iran
|x Description and travel
|v Early works to 1800.
|
| 852 |
|
|
|a INST
|b LESVOS
|e 20230724
|h 915.5 CHA
|p 005100064921
|q 005100064921
|t BK
|y 0
|
| 970 |
|
|
|a Καμάτσου
|b Δέσποινα
|z 24-07-2023
|